La Despesa de caràcter discrecional dels ajuntaments i el seu finançament : exercici 2001 / Maite Vilalta (coordinadora) ; Institut d'Economia de Barcelona exercici 2001 / Maite Vilalta (coordinadora) ; Institut d'Economia de Barcelona
Descripción Física:
183 p : taules, gràfics ; 30 cm
Colección:
Elements de debat territorial ; 20
Otros Autores:
Vilalta, Maite
MARC
| LEADER | 00000nam a2200000Ia 4500 | ||
|---|---|---|---|
| 001 | 16637 | ||
| 008 | 160829s2004 xx 000 0 cat d | ||
| 080 | |a M-5-62 | ||
| 245 | |a La Despesa de caràcter discrecional dels ajuntaments i el seu finançament : |b exercici 2001 / Maite Vilalta (coordinadora) ; Institut d'Economia de Barcelona | ||
| 260 | |a Barcelona : |b Gabinet d'Estudis de la Presidència, |c 2004 | ||
| 300 | |a 183 p : |b taules, gràfics ; |c 30 cm | ||
| 490 | |a Elements de debat territorial ; 20 | ||
| 650 | |a Despeses públiques |x Barcelona (Província) |9 38245 | ||
| 650 | |a Municipis |x Barcelona (Província) |9 41310 | ||
| 700 | |a Vilalta, Maite |9 10386 | ||
| 710 | |a Institut d'Economia de Barcelona |9 18829 | ||
| 710 | 1 | |a Barcelona (Catalunya : Província). |b Gabinet d’Estudis de la Presidència |9 54949 | |
| 901 | |a Arxiu | ||
| 942 | |n 1 | ||
| 952 | |0 0 |1 0 |4 0 |6 M562 |7 1 |9 48911 |a Arxiu |b Arxiu |d 2016-12-01 |l 0 |o M-5-62 |p 16637 |r 2016-12-01 00:00:00 |w 2016-12-01 |y ARXIU | ||
| 999 | |c 52746 |d 52746 | ||